00468nam a22001577a 450000500170000001000150001702000260003203500130005803700130007108200110008424500650009526000590016027000560021930000200027570000150029520140207114658.0 aENG-109134 a9789381709115c750.00 aEN-92667 bDBAD/PUB a920.72 aWomen who rule the world /cedited and compiled by S. Pruthi aNew DelhibLife Span Publishers and Distributorsc2013 a4782/23, Ansari Road, Daryagang,bNew Delhie110002 a264p.c22cm(Hb) aPruthi, S.